El poney rojo / John Steinbeck
Libro de literatura juvenil que gira en torno a Jody Tiflin, un joven campesino que vive en una granja en California y que recibe un sorprendente regalo, un pony rojo, el cual hará que cambie su vida de forma inesperada. El pony rojo, escrito en 1933 por John Steinbeck, contiene temáticas como la so...
保存先:
| 第一著者: | |
|---|---|
| フォーマット: | 図書 |
| 言語: | Undetermined |
| 出版事項: |
Barcelona, España
Bruguera
1981
|
| 主題: | |
| タグ: |
タグ追加
タグなし, このレコードへの初めてのタグを付けませんか!
|
MARC
| LEADER | 00000nam a2200000Ia 4500 | ||
|---|---|---|---|
| 008 | 170316s9999 xx 000 0 und d | ||
| 040 | |a cru BVZT | ||
| 090 | |a 810 S-40po | ||
| 100 | |a Steinbeck, John | ||
| 245 | |a El poney rojo / John Steinbeck | ||
| 260 | |a Barcelona, España | ||
| 260 | |b Bruguera | ||
| 260 | |c 1981 | ||
| 300 | |a 370 páginas | ||
| 520 | |a Libro de literatura juvenil que gira en torno a Jody Tiflin, un joven campesino que vive en una granja en California y que recibe un sorprendente regalo, un pony rojo, el cual hará que cambie su vida de forma inesperada. El pony rojo, escrito en 1933 por John Steinbeck, contiene temáticas como la soledad, la pérdida, la aceptación, la responsabilidad, la amistad y la valentía, lo que genera que la obra pueda atrapar entre sus páginas tanto a grandes como a chicos. | ||
| 650 | |a LITERATURA ESTADOUNIDENSE |9 25 | ||
| 999 | |c 6147 |d 6147 | ||
| 942 | |c 15 D |h 810 S-40po |2 z | ||
